000 00335nam a22000977a 4500
008 150723b xxu||||| |||| 00| 0 eng d
010 _8HCCRSARF: 037
245 _aHIGH COURT CRIMINAL SESSION No.125 of 1977 Uganda Vs 1.Lozio Nzochumugani 2. Augustine Lusine
260 _aHigh Court Kampala
500 _3Before Hon.Mr. Justice P.A.P.J. Allen
999 _c8080
_d8080